<?xml version="1.0" encoding="UTF-8"?><?xml-stylesheet type="text/xsl" href="static/style.xsl"?><OAI-PMH xmlns="http://www.openarchives.org/OAI/2.0/" xmlns:xsi="http://www.w3.org/2001/XMLSchema-instance" xsi:schemaLocation="http://www.openarchives.org/OAI/2.0/ http://www.openarchives.org/OAI/2.0/OAI-PMH.xsd"><responseDate>2026-04-28T19:52:40Z</responseDate><request verb="GetRecord" identifier="oai:uvadoc.uva.es:10324/1109" metadataPrefix="marc">https://uvadoc.uva.es/oai/request</request><GetRecord><record><header><identifier>oai:uvadoc.uva.es:10324/1109</identifier><datestamp>2021-06-29T09:24:47Z</datestamp><setSpec>com_10324_38</setSpec><setSpec>col_10324_852</setSpec></header><metadata><record xmlns="http://www.loc.gov/MARC21/slim" xmlns:doc="http://www.lyncode.com/xoai" xmlns:xsi="http://www.w3.org/2001/XMLSchema-instance" xmlns:dcterms="http://purl.org/dc/terms/" xsi:schemaLocation="http://www.loc.gov/MARC21/slim http://www.loc.gov/standards/marcxml/schema/MARC21slim.xsd">
<leader>00925njm 22002777a 4500</leader>
<datafield tag="042" ind1=" " ind2=" ">
<subfield code="a">dc</subfield>
</datafield>
<datafield tag="720" ind1=" " ind2=" ">
<subfield code="a">Agramunt Roca, Ivana</subfield>
<subfield code="e">author</subfield>
</datafield>
<datafield tag="260" ind1=" " ind2=" ">
<subfield code="c">2012</subfield>
</datafield>
<datafield tag="520" ind1=" " ind2=" ">
<subfield code="a">El principal objetivo de este trabajo es comprobar la presencia e influencia de los medios de comunicación y de las tecnologías de la información y comunicación (TIC) en los escolares de educación infantil, concretamente en un grupo de niños del segundo ciclo (5 a 6 años) del colegio “CEIP Agapito Marazuela” de la Granja de San Ildefonso.&#xd;
Tratamos también de comprobar los conocimientos de nuestra joven muestra sobre los medios, no sólo sobre su manejo, sino también de cómo los medios influyen y crean significado.&#xd;
Partimos de un marco teórico donde se abordan distintas teorías sobre la influencia de los medios en nuestra sociedad. También exponemos los aspectos clave de lo que consideramos una necesaria alfabetización mediática o preparación básica para vivir en la sociedad de la información.&#xd;
Como principal método para conseguir los objetivos citados hemos diseñado y llevado a cabo dos sesiones con los niños. De ellas extraemos la información necesaria para poder concluir que los niños usan medios y TIC y que es necesaria una educación mediática para todos ya desde estas edades.&#xd;
Como parte final de nuestro Trabajo de Final de Grado (TFG) proponemos unas sesiones-ejemplo de educación mediática para Educación Infantil.</subfield>
</datafield>
<datafield tag="024" ind2=" " ind1="8">
<subfield code="a">http://uvadoc.uva.es/handle/10324/1109</subfield>
</datafield>
<datafield ind1=" " ind2=" " tag="653">
<subfield code="a">Alfabetización informacional</subfield>
</datafield>
<datafield ind1=" " ind2=" " tag="653">
<subfield code="a">Sociedad de la información</subfield>
</datafield>
<datafield ind1=" " ind2=" " tag="653">
<subfield code="a">Enseñanza asistida por ordenador</subfield>
</datafield>
<datafield tag="245" ind1="0" ind2="0">
<subfield code="a">Análisis de usos y competencias de los niños sobre los medios y las TIC. Propuestas de educación mediática para educación infantil.</subfield>
</datafield>
</record></metadata></record></GetRecord></OAI-PMH>